LIBRARY & INFORMATION CENTRE, KCAET, TAVANUR

ONLINE PUBLIC ACCESS CATALOGUE (OPAC)

Automotive engines / (Record no. 6288)

MARC details
000 -LEADER
fixed length control field 00368cam a2200157ua 4500
003 - CONTROL NUMBER IDENTIFIER
control field OSt
008 - FIXED-LENGTH DATA ELEMENTS--GENERAL INFORMATION
fixed length control field 250823b |||||||| |||| 00| 0 eng d
041 ## - LANGUAGE CODE
Language code of text/sound track or separate title eng
082 ## - DEWEY DECIMAL CLASSIFICATION NUMBER
Classification number 629.25
Item number JUD/AU
100 ## - MAIN ENTRY--AUTHOR NAME
Personal name Judge, Arthur W .
245 ## - TITLE STATEMENT
Title Automotive engines /
250 ## - EDITION STATEMENT
Edition statement 8 /
260 ## - PUBLICATION, DISTRIBUTION, ETC. (IMPRINT)
Place of publication Mumbai :
Name of publisher B I Publishers ,
Year of publication 1983.
300 ## - PHYSICAL DESCRIPTION
Number of Pages 552 ; .
942 ## - ADDED ENTRY ELEMENTS (KOHA)
Koha item type Books
Holdings
Withdrawn status Lost status Damaged status Home library Current library Date acquired Full call number Accession Number Koha item type
      KAUAET KAUAET 10/09/1986 629.25 JUD/AU 15747 Books
free website counter